The Zynq Book (Record no. 614535)

000 -LEADER
fixed length control field 00442nam a22001457a 4500
020 ## - INTERNATIONAL STANDARD BOOK NUMBER
International Standard Book Number 9780992978730
040 ## - CATALOGING SOURCE
Transcribing agency NUST
082 ## - DEWEY DECIMAL CLASSIFICATION NUMBER
Classification number 004.165
Author Mark ZYN
100 ## - MAIN ENTRY--PERSONAL NAME
Personal name Crockett, Louise H. - Elliot, Ross A.
9 (RLIN) 130350
110 ## - MAIN ENTRY--CORPORATE NAME
Corporate name or jurisdiction name as entry element Enderwitz, Martin A. David Northcote
9 (RLIN) 130353
245 ## - TITLE STATEMENT
Title The Zynq Book
Remainder of title Tutorials for Zybo and Zedboard
260 ## - PUBLICATION, DISTRIBUTION, ETC.
Place of publication, distribution, etc. UK:
Name of publisher, distributor, etc. Strathclyde Academic Media,
Date of publication, distribution, etc. 2015.
650 ## - SUBJECT ADDED ENTRY--TOPICAL TERM
Topical term or geographic name entry element The Zynq Book
9 (RLIN) 130354
942 ## - ADDED ENTRY ELEMENTS (KOHA)
Source of classification or shelving scheme
Koha item type Book
Holdings
Withdrawn status Lost status Source of classification or shelving scheme Damaged status Not for loan Permanent Location Current Location Shelving location Date acquired Total Checkouts Full call number Barcode Date last seen Price effective from Koha item type
          College of Electrical & Mechanical Engineering (CEME) College of Electrical & Mechanical Engineering (CEME) General Stacks 08/19/2025   004.165 ZYN CEME- 49329 08/19/2025 08/19/2025 Book
© 2023 Central Library, National University of Sciences and Technology. All Rights Reserved.